| 000 | 01310cam a22003857a 4500 | ||
|---|---|---|---|
| 003 | CHAP | ||
| 005 | 20220329142614.0 | ||
| 008 | 010926d2000 mx r 00110 spa d | ||
| 010 | _a85591 | ||
| 011 | _a86563 | ||
| 020 | _a0841237050 | ||
| 035 | _a97102 | ||
| 040 | _cCHAP | ||
| 082 | 0 | 4 |
_a641.47 _bA5 |
| 100 | 0 | 0 |
_aAmes, Jennifer M. _eed. _95321 |
| 245 | 1 | 0 |
_aChemistry and physiology of selected food colorants _c/ed. by Jennifer M. Ames and Thomas Hofmann |
| 260 |
_aWashington, D.C. : _bAmerican Chemical Society, _c2001. |
||
| 300 |
_a227 p. ; _bgráfs. |
||
| 490 | 0 |
_aACS symposium series _v;775 |
|
| 590 |
_aBATCH-UPD _b10 _c20130110 _lUCH01 _h0332 |
||
| 590 |
_aBATCH-UPD _b10 _c20130110 _lUCH01 _h1858 |
||
| 590 |
_aBATCH-UPD _b10 _c20130410 _lUCH01 _h0005 |
||
| 590 |
_aBATCH-UPD _b10 _c20130913 _lUCH01 _h2015 |
||
| 590 |
_aCONVERSION _b10 _c20130109 _lUCH01 _h1348 |
||
| 650 | 1 | 4 |
_aAditivos alimenticios. _9907 |
| 650 | 1 | 4 |
_aAlimentos _xAnálisis. _94164 |
| 650 | 1 | 4 |
_aAlimentos _xQuímica de. _94275 |
| 650 | 1 | 4 |
_aPigmentación. _988055 |
| 700 | 0 | 0 |
_aHofmann, Thomas, _eed. _955815 |
| 830 | 0 |
_aACS symposium series _v;775 _9736 |
|
| 901 | _aBK | ||
| 905 | _aAlejandra Carrasco M. | ||
| 942 | _cLIBRO | ||
| 949 |
_a641.47 A5 _bBC _cLIBRO _d33724000863601 _eLIBRO _h102426 _i97102 _kI.213438 _si _t$ 1 150.00 |
||
| 999 |
_c85591 _d85591 |
||